| 000 | 01866nam a2200241Ia 4500 | ||
|---|---|---|---|
| 003 | Ost | ||
| 005 | 20260507075239.0 | ||
| 008 | 260507s9999||||xx |||||||||||||| ||und|| | ||
| 020 | _a34353299579 | ||
| 040 | _cfsecg | ||
| 041 | _aara | ||
| 082 | _a330 | ||
| 100 |
_aالطيطي، خضر مصباح _eمؤلف |
||
| 245 | 0 |
_aالتعليم الالكتروني : _bمن منظور تجاري و فني و إداري / _c خضر مصباح الطيطي |
|
| 260 |
_aعمان: _bدار الحامد, _c2008 |
||
| 300 |
_a336 صفحة؛ _bإيضاحات ؛ _c24 سم |
||
| 504 | _aمراجع ص.335 | ||
| 520 | _aمدخل إلى التعليم الالكتروني و البنية التحتية له ، طرق التعليم الالكتروني و أدوات نشره و عرضه، نظام إدارته و نظام إدارة المحتوى التعليمي LCMS الأنترنيت و الشبكة العنكبوتية ، التعليم الالكتروني و الشبكات اللاسلكية ، ، معايير التعليم الالكتروني ، أدوات انشاء محتوى التعليم الالكتروني (المساقات الالكترونية )، الادوات و الوسائط المتعددة في التعليم الالكتروني و أدوات التعاون و التواصل فيه المكتبة الرقمية ، أمن التعليم و التجارة الالكترونية ، القانون الدولي للتجارة الالكترونية و عوامل النجاح في التعليم الالكتروني ، دراسة حالات نومذجية للتعليم الالكتروني ، المسائل القانونية و الأخلاقية في الاعمال الالكترونية . | ||
| 653 | _aالتعليم | ||
| 653 | _aالتعليم- الإلكتروني | ||
| 653 | _aالحاسوب | ||
| 942 | _cكتاب | ||
| 999 |
_c43610 _d43610 |
||